The ghost in the atom : (Record no. 7546)

MARC details
000 -LEADER
fixed length control field 01004pam a2200301 a 4500
001 - CONTROL NUMBER
control field 498803
003 - CONTROL NUMBER IDENTIFIER
control field OSt
005 - DATE AND TIME OF LATEST TRANSACTION
control field 20211126155034.0
008 - FIXED-LENGTH DATA ELEMENTS--GENERAL INFORMATION
fixed length control field 851001s1986 enka b 001 0 eng
010 ## - LIBRARY OF CONGRESS CONTROL NUMBER
LC control number 85025478
020 ## - INTERNATIONAL STANDARD BOOK NUMBER
International Standard Book Number 0521307902
020 ## - INTERNATIONAL STANDARD BOOK NUMBER
International Standard Book Number 0521313163 (pbk.)
040 ## - CATALOGING SOURCE
Original cataloging agency DLC
Transcribing agency DLC
Modifying agency DLC
050 00 - LIBRARY OF CONGRESS CALL NUMBER
Classification number QC174.12
Item number .D365 1986
082 00 - DEWEY DECIMAL CLASSIFICATION NUMBER
Classification number 530DAV 1991
100 1# - MAIN ENTRY--PERSONAL NAME
Personal name Davies, P. C. W.
9 (RLIN) 8295
245 14 - TITLE STATEMENT
Title The ghost in the atom :
Statement of responsibility, etc. P.C.W. Davies and J.R. Brown.
260 ## - PUBLICATION, DISTRIBUTION, ETC. (IMPRINT)
Place of publication, distribution, etc. Cambridge [Cambridgeshire] ;
-- New York :
Name of publisher, distributor, etc. Cambridge University Press,
Date of publication, distribution, etc. 1991
300 ## - PHYSICAL DESCRIPTION
Extent ix, 157 p. :
Other physical details ill. ;
Dimensions 23 cm.
500 ## - GENERAL NOTE
General note Includes index.
504 ## - BIBLIOGRAPHY, ETC. NOTE
Bibliography, etc Bibliography: p. [154]
650 #0 - SUBJECT ADDED ENTRY--TOPICAL TERM
Topical term or geographic name as entry element Quantum theory.
9 (RLIN) 4791
650 #0 - SUBJECT ADDED ENTRY--TOPICAL TERM
Topical term or geographic name as entry element Physicists
General subdivision Interviews.
9 (RLIN) 15448
700 1# - ADDED ENTRY--PERSONAL NAME
Personal name Brown, J. R.
Fuller form of name (Julian Russell),
Dates associated with a name 1957-
9 (RLIN) 15449
856 42 - ELECTRONIC LOCATION AND ACCESS
Materials specified Publisher description
Uniform Resource Identifier http://www.loc.gov/catdir/description/cam031/85025478.html
906 ## - LOCAL DATA ELEMENT F, LDF (RLIN)
a 7
b cbc
c orignew
d 1
e ocip
f 19
g y-gencatlg
942 ## - ADDED ENTRY ELEMENTS (KOHA)
Source of classification or shelving scheme Dewey Decimal Classification
Koha item type Open Shelf
Holdings
Withdrawn status Lost status Source of classification or shelving scheme Damaged status Not for loan Home library Current library Date acquired Source of acquisition Inventory number Total Checkouts Full call number Barcode Date last seen Price effective from Koha item type
    Dewey Decimal Classification     MUST Main Library MUST Main Library 26/11/2021 Purchase 99/13122   530DAV 1991 2021-1929 26/11/2021 26/11/2021 Open Shelf